| 000 | 00525nam a22002177a 4500 | ||
|---|---|---|---|
| 001 | O0000007 | ||
| 003 | KOHA_MİRAKIL | ||
| 005 | 20260206231916.0 | ||
| 007 | ta | ||
| 008 | 090217b tu |||gr||||#||||0|tur | | ||
| 040 |
_aTR-BiSEU _btur _cTR-BiSEU _erda |
||
| 041 | 0 | _atur | |
| 044 | _ctu | ||
| 050 | 0 | 0 |
_aÇalışmaOdası7 _b |
| 245 | 1 | _aÇalışma Odası 7. | |
| 264 | 1 |
_a : _b |
|
| 336 |
_adokunsal metin _btct _2rdacontent |
||
| 337 |
_aaracısız _bn _2rdamedia |
||
| 338 |
_acilt _bnc _2rdacarrier |
||
| 942 |
_2lcc _cNP |
||
| 999 |
_c1547 _d1547 |
||